Konkurencieschopnosť Slovenskej republiky z mikroekonomického hľadiska

Index konkurencieschopnosti podnikov (BCI), ktorý slúži na meranie mikroekonomických základov konkurencieschopnosti. Charakteristika Slovenskej republiky a jej konkurencieschopnosti. Porovnanie vývoja HDP na obyvateľa za vybrané krajiny v období rokov 2000-2007. Poradie vybraných krajín podľa výšky...

ver descrição completa

Na minha lista:
Detalhes bibliográficos
Autor principal: Uhliar, Miroslav, 1981-
Outros Autores: Mončeková, Katarína
Formato: Capítulo de Livro
Idioma:eslovaco
Assuntos:
Tags: Adicionar Tag
Sem tags, seja o primeiro a adicionar uma tag!

MARC

LEADER 00000nla$a2200000$$$4500
001 0076367
005 20240502071908.0
041 0 |a slo 
044 |a SK 
245 1 0 |a Konkurencieschopnosť Slovenskej republiky z mikroekonomického hľadiska  |c Miroslav Uhliar, Katarína Mončeková 
520 |a Index konkurencieschopnosti podnikov (BCI), ktorý slúži na meranie mikroekonomických základov konkurencieschopnosti. Charakteristika Slovenskej republiky a jej konkurencieschopnosti. Porovnanie vývoja HDP na obyvateľa za vybrané krajiny v období rokov 2000-2007. Poradie vybraných krajín podľa výšky indexu konkurencieschopnosti podnikov. Konkurenčná výhoda SR - nízka nákladovosť výrobných faktorov. 
610 2 0 |a konkurencieschopnosť 
610 2 0 |a výhody konkurenčné 
610 2 0 |a mikroekonomika 
610 2 0 |a indexy 
610 2 0 |a podnik 
610 2 0 |a prostredie podnikateľské 
610 2 0 |a Slovensko 
100 1 |a Uhliar, Miroslav, 1981- 
700 1 |a Mončeková, Katarína